| 000 | 00917nam0a22002531 4500 | ||
|---|---|---|---|
| 001 | rc\3028345 | ||
| 005 | 20250805160813.4 | ||
| 035 | _a(NLR Aleph) 007169448 | ||
| 090 |
_a7330772 _c7330772 |
||
| 100 | _a20110930d1945 |||y0rusy50 ca | ||
| 101 | 0 | _arus | |
| 102 | _aRU | ||
| 105 | _ay z ||||| | ||
| 200 | 1 |
_aПоэзия Туркмении _eСтихи _fПод ред. [и вступ. статья "Туркм. поэзия наших дней", с. 3-11] П.Г. Скосырева |
|
| 210 |
_aМосква _cСовет. писатель _d1945 _gТип. им. Воровского |
||
| 215 |
_a94 с. _d16 см |
||
| 702 | 1 |
_aСкосырев _bП. Г. _gПетр Георгиевич _4340 |
|
| 801 | 0 |
_aRU _bNLR _gpsbo |
|
| 801 | 1 |
_aRU _bELAR _2rusmarc |
|
| 852 |
_aNLR _bЛ _j40 Г-2/300 |
||
| 942 | _cBOOK | ||
| 945 | _aРоссийская национальная библиотека | ||
| 980 | _aNB | ||
| 980 | _aBV | ||